<?xml version="1.0" encoding="UTF-8"?>
<collection xmlns="http://www.loc.gov/MARC21/slim">
 <record>
  <leader>01123pam a22002898a 4500</leader>
  <controlfield tag="001">00041090</controlfield>
  <controlfield tag="005">20180320070349.0</controlfield>
  <controlfield tag="008">121122s2009                  ||||||viesd</controlfield>
  <datafield tag="020" ind1="#" ind2="#">
   <subfield code="c">62000</subfield>
  </datafield>
  <datafield tag="041" ind1="0" ind2="#">
   <subfield code="a">vie</subfield>
  </datafield>
  <datafield tag="082" ind1="1" ind2="4">
   <subfield code="a">959.702 9</subfield>
   <subfield code="b">Đ103N</subfield>
  </datafield>
  <datafield tag="245" ind1="0" ind2="0">
   <subfield code="n">Tập 4</subfield>
   <subfield code="a">Đại Nam liệt truyện</subfield>
   <subfield code="c">Trương Văn Chinh; Nguyễn Danh Chiên ... [và những người khác]</subfield>
   <subfield code="p">Chính biên - Nhị tập ( từ quyển 26 đến 46)</subfield>
  </datafield>
  <datafield tag="250" ind1="#" ind2="#">
   <subfield code="a">tái bản lần thứ hai</subfield>
  </datafield>
  <datafield tag="260" ind1="#" ind2="#">
   <subfield code="a">Huế</subfield>
   <subfield code="b">Thuận Hóa</subfield>
   <subfield code="c">2005</subfield>
  </datafield>
  <datafield tag="300" ind1="#" ind2="#">
   <subfield code="c">21 cm</subfield>
   <subfield code="a">564tr.</subfield>
  </datafield>
  <datafield tag="500" ind1="#" ind2="#">
   <subfield code="a">ĐTTS ghi : Quốc sử quán triều Nguyễn</subfield>
  </datafield>
  <datafield tag="653" ind1="#" ind2="#">
   <subfield code="a">Lịch sử</subfield>
  </datafield>
  <datafield tag="653" ind1="#" ind2="#">
   <subfield code="a">Việt Nam</subfield>
  </datafield>
  <datafield tag="653" ind1="#" ind2="#">
   <subfield code="a">Triều Nguyễn</subfield>
  </datafield>
  <datafield tag="653" ind1="#" ind2="#">
   <subfield code="a">Nhân vật</subfield>
  </datafield>
  <datafield tag="700" ind1="1" ind2="#">
   <subfield code="a">Cao, Huy Giu</subfield>
   <subfield code="e">Hiệu đính</subfield>
  </datafield>
  <datafield tag="700" ind1="1" ind2="#">
   <subfield code="a">Nguyễn, Danh Chiên</subfield>
   <subfield code="e">người dịch</subfield>
  </datafield>
  <datafield tag="700" ind1="1" ind2="#">
   <subfield code="a">Trương, Văn Chinh</subfield>
   <subfield code="e">người dịch</subfield>
  </datafield>
  <datafield tag="700" ind1="1" ind2="#">
   <subfield code="a">Phan, Đại Doãn</subfield>
   <subfield code="e">Hiệu đính</subfield>
  </datafield>
  <datafield tag="852" ind1="#" ind2="#">
   <subfield code="j">KD.0023033</subfield>
  </datafield>
  <datafield tag="910" ind1=" " ind2=" ">
   <subfield code="d">20/03/2018</subfield>
  </datafield>
  <datafield tag="980" ind1="#" ind2="#">
   <subfield code="a">Trung tâm Học liệu Lê Vũ Hùng, Trường Đại học Đồng Tháp</subfield>
  </datafield>
 </record>
</collection>
